00414nam a22001457a 450000500170000000800410001702000180005804100120007608200140008810000250010224500570012726000340018430000260021865000240024420231030123431.0231030b |||||||| |||| 00| 0 eng d a9789994560554 aEnglish a347.6 NAM aNamandje, SlEnglish aThe Law on Hearsay Evidence in Namibia /cS Namandje aWindhoek :bPPC Press, c2016 bv, 44 pages ;c24 cm. alegal practicebLaw